Soy como consiga que me imaginéis (Record no. 68278)

MARC details
000 -LEADER
campo de control de longitud fija 01196nam a2200265 i 4500
001 - NÚMERO DE CONTROL
campo de control 68278
003 - IDENTIFICADOR DE NÚMERO DE CONTROL
campo de control ES-MaACL
005 - FECHA Y HORA DE LA ÚLTIMA TRANSACCIÓN
campo de control 20250807233343.0
007 - CAMPO FIJO DE DESCRIPCIÓN FÍSICA--INFORMACIÓN GENERAL
campo de control de longitud fija t|
008 - DATOS DE LONGITUD FIJA--INFORMACIÓN GENERAL
campo de control de longitud fija 040616s2003 sp ||||0| spa d
020 ## - NÚMERO INTERNACIONAL ESTÁNDAR DEL LIBRO
Número Internacional Estándar del Libro 84-7786-806-9
040 ## - FUENTE DE CATALOGACIÓN
Centro catalogador/agencia de origen M-BN
Lengua de catalogación spa
Centro/agencia transcriptor M-BN
080 ## - NÚMERO DE LA CLASIFICACIÓN DECIMAL UNIVERSAL
Número de la Clasificación Decimal Universal 821.134.2(729.1) Gómez de Avellaneda, Gertrudis 7 Autobiografía.07
080 ## - NÚMERO DE LA CLASIFICACIÓN DECIMAL UNIVERSAL
Número de la Clasificación Decimal Universal 821.134.2(72) Juana Inés de la Cruz 7 Respuesta a Sor Filotea de la Cruz.07
100 1# - ENTRADA PRINCIPAL--NOMBRE DE PERSONA
Nombre de persona Torras, Meri.
9 (RLIN) 110720
245 10 - MENCIÓN DEL TÍTULO
Título Soy como consiga que me imaginéis
Resto del título : la construcción de la subjetividad en las autobiografías epistolares de Gertrudis Gómez de Avellaneda y Sor Juana Inés de la Cruz /
Mención de responsabilidad, etc. Meri Torras.
260 ## - PUBLICACIÓN, DISTRIBUCIÓN, ETC.
Lugar de publicación, distribución, etc. [Cádiz] :
Nombre del editor, distribuidor, etc. Universidad de Cádiz, Servicio de Publicaciones,
Fecha de publicación, distribución, etc. 2003.
300 ## - DESCRIPCIÓN FÍSICA
Extensión 213 p ;
Dimensiones 21 cm.
490 1# - MENCIÓN DE SERIE
Mención de serie Textos y estudios de mujeres. Serie 2 ;
Designación de volumen o secuencia n. 6
600 14 - PUNTO DE ACCESO ADICIONAL DE MATERIA--NOMBRE DE PERSONA
Nombre de persona Gómez de Avellaneda, Gertrudis,
Fechas asociadas al nombre 1814-1873-
Subdivisión general Crítica e interpretación
9 (RLIN) 57887
600 04 - PUNTO DE ACCESO ADICIONAL DE MATERIA--NOMBRE DE PERSONA
Nombre de persona Juana Inés de la Cruz,
Títulos y otros términos asociados al nombre Sor,
Fechas asociadas al nombre 1651-1695-
Subdivisión general Crítica e interpretación
9 (RLIN) 67143
830 00 - PUNTO DE ACCESO ADICIONAL DE SERIE-TÍTULO UNIFORME
Título uniforme Textos y estudios de mujeres
Designación de volumen o secuencia n. 6
9 (RLIN) 226141
852 ## - LOCALIZACIÓN
Ubicación ES-MaACL
Número de control de estantería L-27964
Sublocalización o colección R.133829
Holdings
Estatus retirado Estado de pérdida Estado de daño No para préstamo Biblioteca de origen Biblioteca actual Ubicación en estantería Fecha de adquisición Fuente de adquisición Total de préstamos Signatura topográfica completa Código de barras Visto por última vez Precio de reemplazo Tipo de ítem Koha
        Biblioteca del Ateneo de Madrid Biblioteca del Ateneo de Madrid Depósito 2 17/01/2008     L-27964 1071477 23/02/2023 23/02/2023 Libro impreso